000 00601nam a2200241Ia 4500
003 OSt
005 20220918194942.0
006 a|||||r|||| 00| 0
007 ta
008 220917b |||||||| |||| 00| 0 eng d
024 _a82,624
037 _cTextual
040 _aARTS
_cARTS
_beng
041 _2eng
_aeng
082 _aS:78b4, J5
100 _aJohnson R C
_988124
245 0 _aPsychical reseach
260 _c1955
490 _aTyeach yourself books ed by Leonard Cutts
650 _aPSYCHOLOGY
942 _hS:78b4, J5
_cTEXL
_2CC
999 _c206342
_d206342